| 000 | 00913nam a2200349 a 4500 | ||
|---|---|---|---|
| 003 | AR-BaBNM | ||
| 005 | 20251128205931.0 | ||
| 008 | 082120s2002 ||||||||||||||000 | spa|| | ||
| 040 | _cAR-BaBNM | ||
| 100 | 1 | _aBelloc, Hilaire | |
| 245 | 0 | 0 | _aLa restauración de la propiedad privada |
| 260 |
_aBuenos Aires _bEdiciones Dictio _c1979 |
||
| 300 | _a156 p. | ||
| 610 | 2 | 4 | _aIGLESIA CATOLICA |
| 650 | 4 | _aHISTORIA ECONOMICA | |
| 650 | 4 | _aECONOMISTAS | |
| 650 | 4 | _aDOCTRINAS ECONOMICAS | |
| 650 | 4 | _aECONOMIA | |
| 650 | 4 | _aHISTORIA | |
| 650 | 4 | _aCAPITALISMO | |
| 650 | 4 | _aLIBERALISMO | |
| 650 | 4 | _aMARXISMO | |
| 650 | 4 | _aSOCIALISMO | |
| 650 | 4 | _aSOCIOLOGIA ECONOMICA | |
| 650 | 4 | _aCRISTIANISMO | |
| 650 | 4 | _aIGLESIA CATOLICA | |
| 653 | _aECONOMIA POLITICA | ||
| 700 | 1 |
_aTerán Etchecopar, Gastón _eprologuista |
|
| 700 | 1 |
_aWalker, Alfredo _etraductor |
|
| 942 | _cBK | ||
| 998 | _cMARTIN | ||
| 999 |
_c13367 _d13367 |
||